000 00572nam a22002177a 4500
003 OSt
005 20140310183650.0
008 140113b xxu||||| |||| 00| 0 eng d
020 _a9780132453134
050 _aTX 911.3.M3
_b.K68 2010
100 _aKotler, Philip
245 _aMarketing for hospitality and tourism /
_cPhilip Kotler.
250 _a5th ed.
260 _aUSA :
_bPearson Prentice Hall,
_c2010.
300 _a683 p. :
_bcol. ill. ;
_c28 cm.
521 _aTOU
650 _aMarketing
650 _aTourism
942 _2lcc
_cBK
_kFOR
999 _c26046
_d26046